MARC details
| 000 -CABECERA |
| campo de control de longitud fija |
01667cam a2200361 i 4500 |
| 001 - NÚMERO DE CONTROL |
| campo de control |
991061335165506706 |
| 003 - IDENTIFICADOR DEL NÚMERO DE CONTROL |
| campo de control |
ES-BaIT |
| 005 - FECHA Y HORA DE LA ÚLTIMA TRANSACCIÓN |
| campo de control |
20250703141500.0 |
| 008 - DATOS DE LONGITUD FIJA--INFORMACIÓN GENERAL |
| campo de control de longitud fija |
250513e202412 spc 000 d cat c |
| 015 ## - NÚMERO DE BIBLIOGRAFÍA NACIONAL |
| Número de bibliografía nacional |
LL2025 |
| Fuente |
bnc |
| 017 ## - NÚMERO DE COPYRIGHT O DE DEPÓSITO LEGAL |
| Número de copyright o de depósito legal |
DL T 1224-2024 |
| Agencia que asigna |
Biblioteca de Catalunya |
| 020 ## - NÚMERO INTERNACIONAL ESTÁNDAR DEL LIBRO |
| Número Internacional Estándar del Libro |
9788412983111 |
| 040 ## - FUENTE DE LA CATALOGACIÓN |
| Centro catalogador/agencia de origen |
ES-BaBC |
| Lengua de catalogación |
cat |
| Normas de descripción |
rda |
| Centro/agencia transcriptor |
ES-BaBC |
| 080 ## - NÚMERO DE LA CLASIFICACIÓN DECIMAL UNIVERSAL |
| Número de la Clasificación Decimal Universal |
849.9-2"20" |
| 080 ## - NÚMERO DE LA CLASIFICACIÓN DECIMAL UNIVERSAL |
| Número de la Clasificación Decimal Universal |
821.134.1-2 |
| Subdivisión auxiliar común |
"20" |
| Identificador de la edición |
2004 |
| 100 1# - ENTRADA PRINCIPAL--NOMBRE DE PERSONA |
| Nombre de persona |
Miró Coromina, Josep Maria, |
| Fechas asociadas al nombre |
1977- |
| Término indicativo de función/relación |
autor |
| 9 (RLIN) |
34005 |
| 245 13 - MENCIÓN DE TÍTULO |
| Título |
La Majordoma / |
| Mención de responsabilidad, etc. |
Josep Maria Miró |
| 250 ## - MENCIÓN DE EDICIÓN |
| Mención de edición |
1a edició |
| 264 #1 - PRODUCCIÓN, PUBLICACIÓN, DISTRIBUCIÓN, FABRICACIÓN Y COPYRIGHT |
| Producción, publicación, distribución, fabricación y copyright |
Tarragona : |
| Nombre del de productor, editor, distribuidor, fabricante |
Arola Editors, |
| Fecha de producción, publicación, distribución, fabricación o copyright |
desembre de 2024 |
| 300 ## - DESCRIPCIÓN FÍSICA |
| Extensión |
65 pàgines ; |
| Dimensiones |
17 cm |
| 336 ## - TIPO DE CONTENIDO |
| Término de tipo de contenido |
text |
| Código de tipo de contenido |
txt |
| Fuente |
rdacontent |
| 337 ## - TIPO DE MEDIO |
| Nombre/término del tipo de medio |
sense mediació |
| Código del tipo de medio |
n |
| Fuente |
rdamedia |
| 338 ## - TIPO DE SOPORTE |
| Nombre/término del tipo de soporte |
volum |
| Código del tipo de soporte |
nc |
| Fuente |
rdacarrier |
| 490 1# - MENCIÓN DE SERIE |
| Mención de serie |
Textos a part. Teatre contemporani ; |
| Designación de volumen o secuencia |
255 |
| 500 ## - NOTA GENERAL |
| Nota general |
P1: D1 |
| 500 ## - NOTA GENERAL |
| Nota general |
Estrena 2025-01-28 Sala Heartbreak Hotel (Barcelona), direcció Josep Maria Miró |
| 520 ## - SUMARIO, ETC. |
| Sumario, etc. |
"Una dona torna al pis d'on va escapar fa gairebé tres dècades. Va abandonar el seu marit i el seu fill el dia abans que complís quatre anys. Ara es fa dir <La Majordoma > després d'haver-se convertit en la persona que portava el pòndol de la casa del mossèn d'un petit poble de muntanya. La Majordoma és el segon text del Tríptic de l'epifania, integrat per tres obres per a un únic intèrpret que Josep Maria Miró va iniciar amb El cos més bonic que s'haurà trobat mai en aquest lloc." -- Web editor |
| 586 ## - NOTA DE PREMIOS |
| Nota de premios |
III Beca Carme Montoriol 2021 |
| 830 #0 - PUNTO DE ACCESO ADICIONAL DE SERIE-TÍTULO UNIFORME |
| Título uniforme |
Textos a part. |
| Nombre de parte o sección de la obra |
Teatre contemporani |
| Designación de volumen o secuencia |
255 |
| 9 (RLIN) |
63285 |
| 908 ## - COLOCAR PARÁMETRO DE COMANDO (RLIN) |
| Colocar parámetro de comando |
CDMAE |
| -- |
BC |
| 940 ## - EQUIVALENCIA O REFERENCIA-CRUZADA--TÍTULO UNIFORME [OBSOLETO] [solamente CAN/MARC] |
| Título uniforme |
<a href="CVA2">CVA2</a> |
| 942 ## - ELEMENTOS DE ENTRADA AGREGADA (KOHA) |
| Fuente del sistema de clasificación o colocación |
Clasificación decimal universal |
| Tipo de ítem Koha |
Llibre |